[Event "Schachbundesliga 2013/2014"]
[Site "?"]
[Date "2014.04.04"]
[Round "13.8"]
[White "Joachim, Sven"]
[Black "Lampert, Jonas"]
[Result "0-1"]
[WhiteElo "2422"]
[BlackElo "2376"]
[PlyCount "76"]
[EventDate "2014.??.??"]
[WhiteClock "0:01:27"]
[BlackClock "0:01:00"]

1. c4 e5 2. Nc3 Nf6 3. e3 Nc6 4. a3 g6 5. Nf3 Bg7 6. d3 O-O 7. Be2 d6 8. O-O
Bf5 9. Nd2 Nb8 10. b4 c6 11. Bb2 d5 12. e4 Be6 13. exd5 cxd5 14. Re1 Nc6 15.
cxd5 Nxd5 16. Nxd5 Qxd5 17. Bf3 Qxd3 18. Ne4 Qxd1 19. Raxd1 Rad8 20. Nc5 Bc8
21. b5 Nd4 22. Bxd4 exd4 23. Nxb7 Bxb7 24. Bxb7 d3 25. Re3 d2 26. Kf1 Bb2 27.
Bc6 Rd6 28. Re7 Bc3 29. g3 a6 30. a4 Rfd8 31. Bf3 a5 32. Rc7 Bb4 33. Be2 Re8
34. Bf3 Rf6 35. Kg2 Re1 36. Rd7 Rxf3 37. R1xd2 Rb3 38. Rc2 Re7 0-1

[Event "Schachbundesliga 2013/2014"]
[Site "?"]
[Date "2014.04.04"]
[Round "13.1"]
[White "Erdos, Viktor"]
[Black "Ragger, Markus"]
[Result "1/2-1/2"]
[WhiteElo "2661"]
[BlackElo "2668"]
[PlyCount "61"]
[EventDate "2014.??.??"]
[WhiteClock "0:20:41"]
[BlackClock "0:54:15"]

1. c4 c5 2. Nf3 Nf6 3. Nc3 Nc6 4. g3 g6 5. d4 cxd4 6. Nxd4 Bg7 7. Bg2 O-O 8.
O-O Qa5 9. e3 d6 10. Bxc6 bxc6 11. Nxc6 Qc7 12. Nd5 Nxd5 13. cxd5 Bb7 14. Bd2
Bxb2 15. Rb1 Bxc6 16. dxc6 Rab8 17. Qc2 Ba3 18. Rxb8 Rxb8 19. Rb1 Rxb1+ 20.
Qxb1 Qxc6 21. Qb8+ Kg7 22. Qxa7 Qc2 23. Qxa3 Qxd2 24. Qa8 d5 25. a4 Qc1+ 26.
Kg2 Qc4 27. h4 Qe4+ 28. Kh2 Qf5 29. Kg1 Qb1+ 30. Kg2 Qe4+ 31. Kg1 1/2-1/2

[Event "Schachbundesliga 2013/2014"]
[Site "?"]
[Date "2014.04.04"]
[Round "13.2"]
[White "L'Ami, Erwin"]
[Black "Haslinger, Stewart G"]
[Result "1-0"]
[WhiteElo "2629"]
[BlackElo "2543"]
[PlyCount "101"]
[EventDate "2014.??.??"]
[WhiteClock "0:49:51"]
[BlackClock "0:45:06"]

1. d4 d5 2. c4 e6 3. Nc3 Be7 4. Nf3 Nf6 5. Bf4 O-O 6. e3 b6 7. Qc2 Ba6 8. cxd5
Nxd5 9. Bxa6 Nxa6 10. Rd1 Nab4 11. Qb3 a5 12. O-O a4 13. Nxa4 Qd7 14. Nc3 Nxc3
15. bxc3 Nxa2 16. Ne5 Qa4 17. Rb1 Bd6 18. Rb2 Qxb3 19. Rxb3 Ra4 20. Nd7 Rd8 21.
Bxd6 Rxd7 22. Ba3 Rd8 23. Ra1 Nxc3 24. Rxc3 Rda8 25. Rxc7 h6 26. Rb7 Rxa3 27.
Rf1 Rb3 28. g3 Ra5 29. Rc1 Rf5 30. Rc2 g5 31. g4 Rf6 32. Rc8+ Kg7 33. Rbb8 Rg6
34. e4 Kh7 35. Rh8+ Kg7 36. Rhc8 Kh7 37. Rh8+ Kg7 38. e5 f5 39. Rhe8 Kf7 40.
Rf8+ Ke7 41. Rh8 Kd7 42. gxf5 exf5 43. d5 Kc7 44. Rhc8+ Kd7 45. e6+ Kd6 46.
Rd8+ Kc5 47. e7 Rb1+ 48. Kg2 Re1 49. Rbc8+ Kd4 50. d6 b5 51. Rc1 1-0

[Event "Schachbundesliga 2013/2014"]
[Site "?"]
[Date "2014.04.04"]
[Round "13.4"]
[White "Naumann, Alexander"]
[Black "Galyas, Miklos"]
[Result "1-0"]
[WhiteElo "2540"]
[BlackElo "2435"]
[PlyCount "65"]
[EventDate "2014.??.??"]
[WhiteClock "0:09:49"]
[BlackClock "0:19:03"]

1. d4 f5 2. g3 Nf6 3. Bg2 g6 4. Nf3 Bg7 5. O-O O-O 6. b3 d6 7. Bb2 c6 8. Nbd2
a5 9. a4 Na6 10. Ne1 Qc7 11. Nd3 Re8 12. e4 e5 13. dxe5 dxe5 14. Re1 Nb4 15.
Nxb4 axb4 16. Qe2 f4 17. Qc4+ Be6 18. Qxb4 Ng4 19. h3 Nxf2 20. Kxf2 Bf8 21. Qc3
Qb6+ 22. Kf1 fxg3 23. Qxg3 Re7 24. Nf3 Bh6 25. Bc1 Bxc1 26. Raxc1 Rf8 27. Rcd1
g5 28. Rd3 Rg7 29. Qxe5 Bc8 30. a5 Qb4 31. Red1 g4 32. hxg4 Bxg4 33. Rd8 1-0

[Event "Schachbundesliga 2013/2014"]
[Site "?"]
[Date "2014.04.04"]
[Round "13.5"]
[White "Seger, Ruediger"]
[Black "Andersen, Mads"]
[Result "1/2-1/2"]
[WhiteElo "2374"]
[BlackElo "2476"]
[PlyCount "87"]
[EventDate "2014.??.??"]
[WhiteClock "0:17:59"]
[BlackClock "0:18:43"]

1. e4 e5 2. Nf3 Nc6 3. d4 exd4 4. Nxd4 Qf6 5. Nb5 Bc5 6. Qe2 Bb6 7. N1c3 Nge7
8. Be3 Ba5 9. O-O-O a6 10. Nd5 Nxd5 11. exd5 axb5 12. dxc6 bxc6 13. Bd4+ Qe6
14. Qxe6+ fxe6 15. Bxg7 Rg8 16. Bd4 Bb6 17. Bxb6 cxb6 18. a3 Rf8 19. f3 Ke7 20.
Bd3 h6 21. Rhf1 Ra4 22. g3 e5 23. Rde1 d6 24. f4 Bh3 25. Rg1 Ke6 26. Re3 Bf5
27. fxe5 Bxd3 28. exd6+ Be4 29. b3 Rd4 30. c3 Rd3 31. Rxe4+ Kd5 32. Re2 Kxd6
33. Rd1 Rxd1+ 34. Kxd1 Rf1+ 35. Kc2 Ra1 36. Kb2 Rg1 37. a4 bxa4 38. bxa4 Kd5
39. Rf2 Ke5 40. Kb3 Rb1+ 41. Kc4 Ra1 42. Kb3 Rh1 43. Kc4 Ra1 44. Kb3 1/2-1/2

[Event "Schachbundesliga 2013/2014"]
[Site "?"]
[Date "2014.04.04"]
[Round "13.6"]
[White "Hoffmann, Michael"]
[Black "Kolbus, Dietmar"]
[Result "1-0"]
[WhiteElo "2462"]
[BlackElo "2302"]
[PlyCount "83"]
[EventDate "2014.??.??"]
[WhiteClock "0:02:00"]
[BlackClock "0:07:58"]

1. e4 d5 2. exd5 Qxd5 3. Nf3 Nf6 4. d4 Bg4 5. Be2 c6 6. O-O e6 7. c4 Qd8 8. Be3
Be7 9. Nbd2 O-O 10. a3 Nbd7 11. h3 Bh5 12. b4 Qc7 13. Nb3 Rad8 14. Qc2 Bd6 15.
Rad1 Bf4 16. Bxf4 Qxf4 17. Na5 Qc7 18. Ne5 Nxe5 19. dxe5 Bxe2 20. Qxe2 Nd7 21.
Rfe1 b6 22. Nb3 Nb8 23. f4 h6 24. Nd2 c5 25. b5 Rd4 26. Ne4 Rfd8 27. Rf1 Rxd1
28. Rxd1 a5 29. Nd6 Qe7 30. Rd3 f5 31. Qh5 Rf8 32. Rg3 Kh8 33. Rg6 Kh7 34. g4
fxg4 35. Qxg4 Nd7 36. Rxe6 Qd8 37. Qg6+ Kg8 38. Nf5 Rxf5 39. Re8+ Rf8 40. Qe6+
Kh8 41. Rxd8 Rxd8 42. Qe7 1-0

[Event "Schachbundesliga 2013/2014"]
[Site "?"]
[Date "2014.04.04"]
[Round "13.7"]
[White "Dany, Alexander"]
[Black "Wegerle, Joerg"]
[Result "0-1"]
[WhiteElo "2110"]
[BlackElo "2438"]
[PlyCount "40"]
[EventDate "2014.??.??"]
[WhiteClock "0:37:55"]
[BlackClock "0:53:55"]

1. d4 Nf6 2. c4 e6 3. Nc3 Bb4 4. Qc2 O-O 5. Nf3 d5 6. a3 Bxc3+ 7. Qxc3 b6 8.
Bg5 Bb7 9. e3 Nbd7 10. Ne5 Qc8 11. Nxd7 Nxd7 12. Be2 dxc4 13. O-O c5 14. Rac1
b5 15. b3 f6 16. Bh4 cxd4 17. exd4 Nb6 18. bxc4 bxc4 19. Bxc4 Nxc4 20. Qxc4
Qxc4 0-1

[Event "Schachbundesliga 2013/2014"]
[Site "?"]
[Date "2014.04.04"]
[Round "13.8"]
[White "Schaefer, Markus"]
[Black "Yankelevich, Lev"]
[Result "1/2-1/2"]
[WhiteElo "2404"]
[BlackElo "2197"]
[PlyCount "41"]
[EventDate "2014.??.??"]
[WhiteClock "0:27:38"]
[BlackClock "0:31:49"]

1. e4 c5 2. Nf3 d6 3. d4 cxd4 4. Nxd4 Nf6 5. Nc3 Nc6 6. Be3 Ng4 7. Bg5 h6 8.
Bh4 g5 9. Bg3 Bg7 10. Nb3 Bxc3+ 11. bxc3 Qc7 12. Qd2 Nce5 13. Be2 Nf6 14. Qe3
Bg4 15. f3 Be6 16. Nd4 Bc4 17. O-O Bxe2 18. Nxe2 Nc4 19. Qd4 Qc5 20. Bf2 Qxd4
21. Bxd4 1/2-1/2

[Event "Schachbundesliga 2013/2014"]
[Site "?"]
[Date "2014.04.04"]
[Round "13.1"]
[White "Maze, Sebastien"]
[Black "Piorun, Kacper"]
[Result "1/2-1/2"]
[WhiteElo "2550"]
[BlackElo "2551"]
[PlyCount "114"]
[EventDate "2014.??.??"]
[WhiteClock "0:17:01"]
[BlackClock "0:32:54"]

1. e4 c5 2. Nf3 e6 3. d3 d5 4. Nbd2 Nc6 5. g3 Bd6 6. Bg2 Nge7 7. O-O O-O 8. Qe2
Qc7 9. c3 Bd7 10. a3 f5 11. Re1 fxe4 12. dxe4 c4 13. Nf1 b5 14. Be3 Rad8 15.
Rad1 h6 16. exd5 exd5 17. Nd4 Ne5 18. Bf4 Rxf4 19. gxf4 Nd3 20. Rxd3 cxd3 21.
Qxd3 Rf8 22. Nxb5 Bxb5 23. Qxb5 d4 24. cxd4 Rxf4 25. Re4 Rf8 26. Qe2 Qd8 27.
Qg4 Nd5 28. Re6 Nf4 29. Rxh6 Qb6 30. Ne3 Rf7 31. Bd5 Nxd5 32. Nxd5 Qd8 33. Rh5
Qe8 34. Ne3 Rf4 35. Qg5 Rxd4 36. Qb5 Qg6+ 37. Rg5 Qb1+ 38. Kg2 Qe4+ 39. Kf1 Bf4
40. Qb3+ Kh7 41. Rh5+ Kg6 42. Rh3 Rd2 43. Kg1 Rd3 44. Qg8 Rxe3 45. Qh7+ Kf6 46.
fxe3 Bxe3+ 47. Kf1 Qc4+ 48. Ke1 Qc1+ 49. Ke2 Qd2+ 50. Kf3 Qf2+ 51. Ke4 Qf4+ 52.
Kd3 Qd4+ 53. Kc2 Qc4+ 54. Kb1 Qf1+ 55. Ka2 Qc4+ 56. Ka1 Qf1+ 57. Ka2 Qc4+
1/2-1/2

[Event "Schachbundesliga 2013/2014"]
[Site "?"]
[Date "2014.04.04"]
[Round "13.2"]
[White "Tazbir, Marcin"]
[Black "Wells, Peter K"]
[Result "1/2-1/2"]
[WhiteElo "2544"]
[BlackElo "2487"]
[PlyCount "53"]
[EventDate "2014.??.??"]
[WhiteClock "0:04:54"]
[BlackClock "0:35:22"]

1. c4 e6 2. g3 d5 3. Bg2 Nf6 4. Qc2 c5 5. Nf3 Nc6 6. O-O Be7 7. d3 O-O 8. a3 d4
9. e3 a5 10. exd4 cxd4 11. Bg5 Nd7 12. Bxe7 Qxe7 13. Nbd2 e5 14. Rfe1 f6 15.
Nh4 Nc5 16. Ne4 g5 17. Nxc5 Qxc5 18. Nf3 Kh8 19. Nd2 Be6 20. b3 Qe7 21. Qb2 Bf5
22. Ne4 Bg6 23. Qe2 f5 24. Nd2 e4 25. dxe4 f4 26. e5 d3 27. Qf3 1/2-1/2

[Event "Schachbundesliga 2013/2014"]
[Site "?"]
[Date "2014.04.04"]
[Round "13.3"]
[White "Abergel, Thal"]
[Black "Bulski, Krzysztof"]
[Result "1-0"]
[WhiteElo "2413"]
[BlackElo "2534"]
[PlyCount "99"]
[EventDate "2014.??.??"]
[WhiteClock "0:29:26"]
[BlackClock "0:57:13"]

1. e4 c5 2. Nf3 e6 3. d4 cxd4 4. Nxd4 Nc6 5. Nc3 Qc7 6. Be3 a6 7. Qd2 Nf6 8.
O-O-O Bb4 9. f3 O-O 10. g4 b5 11. Kb1 Rb8 12. h4 Ne5 13. h5 Ba5 14. g5 Ne8 15.
Qh2 Bxc3 16. bxc3 Nc4 17. Qxc7 Nxc7 18. Bxc4 bxc4+ 19. Ka1 Nb5 20. Bf4 Rb6 21.
Nxb5 Rxb5 22. Bd6 Re8 23. f4 Bb7 24. Rhe1 h6 25. gxh6 Rxh5 26. hxg7 f5 27. exf5
Rxf5 28. Be5 Bd5 29. Rb1 d6 30. Bxd6 Kxg7 31. Rb6 Ra8 32. Rg1+ Kh7 33. Be5 Rf7
34. Kb2 Raa7 35. Ka3 Rfb7 36. Rd6 Rd7 37. Rxd7+ Rxd7 38. Ka4 Rb7 39. Ka5 Rb2
40. a4 Ra2 41. Rg7+ Kh6 42. Ra7 Bc6 43. Kb6 Bxa4 44. Rxa6 Rb2+ 45. Kc5 Bxc2 46.
Kxc4 Bb3+ 47. Kc5 Kg6 48. Ra7 Rc2 49. Rg7+ Kf5 50. Kd4 1-0

[Event "Schachbundesliga 2013/2014"]
[Site "?"]
[Date "2014.04.04"]
[Round "13.4"]
[White "Grabarczyk, Miroslaw"]
[Black "Libiszewski, Fabien"]
[Result "1/2-1/2"]
[WhiteElo "2465"]
[BlackElo "2522"]
[PlyCount "41"]
[EventDate "2014.??.??"]
[WhiteClock "0:54:42"]
[BlackClock "1:06:21"]

1. d4 Nf6 2. c4 g6 3. Nf3 Bg7 4. g3 c6 5. Nc3 d5 6. cxd5 cxd5 7. Bg2 Ne4 8. Qb3
Nxc3 9. bxc3 O-O 10. O-O Nc6 11. Nd2 e6 12. Ba3 Re8 13. Rfc1 b6 14. e3 Na5 15.
Qa4 Bd7 16. Qd1 Rc8 17. Bb4 Nc6 18. Bd6 Na5 19. Bb4 Nc6 20. Bd6 Na5 21. Bb4
1/2-1/2

[Event "Schachbundesliga 2013/2014"]
[Site "?"]
[Date "2014.04.04"]
[Round "13.5"]
[White "Beikert, Guenther"]
[Black "Murdzia, Piotr"]
[Result "1/2-1/2"]
[WhiteElo "2422"]
[BlackElo "2449"]
[PlyCount "81"]
[EventDate "2014.??.??"]

1. d4 d5 2. c4 c6 3. Nc3 Nf6 4. Nf3 e6 5. cxd5 exd5 6. Qc2 Bd6 7. Bg5 Nbd7 8.
e3 Nf8 9. Bh4 Ng6 10. Bg3 O-O 11. Bd3 Re8 12. O-O Bg4 13. Nd2 Bxg3 14. hxg3 Qd6
15. Rab1 Nf8 16. b4 Rac8 17. Rfc1 Ne6 18. Nb3 b6 19. a4 Bh5 20. a5 Bg6 21. Bxg6
hxg6 22. axb6 axb6 23. Na4 Nd7 24. b5 c5 25. dxc5 Ndxc5 26. Naxc5 Nxc5 27. Nd4
Ra8 28. Ra1 Qe5 29. Ra2 Qe4 30. Rca1 Qxc2 31. Nxc2 Rxa2 32. Rxa2 Ne6 33. Nb4 d4
34. Nd5 dxe3 35. fxe3 Rd8 36. Nxb6 Rd1+ 37. Kf2 Rb1 38. Nd7 Rxb5 39. Ra8+ Kh7
40. Nf8+ Nxf8 41. Rxf8 1/2-1/2

[Event "Schachbundesliga 2013/2014"]
[Site "?"]
[Date "2014.04.04"]
[Round "13.6"]
[White "Horvath, Peter"]
[Black "Meinhardt, Maximilian"]
[Result "1/2-1/2"]
[WhiteElo "2449"]
[BlackElo "2394"]
[PlyCount "40"]
[EventDate "2014.??.??"]
[WhiteClock "0:48:03"]
[BlackClock "0:17:26"]

1. d4 d5 2. Nf3 e6 3. Bf4 Bd6 4. Bg3 Nf6 5. Nbd2 Ne4 6. e3 Nxg3 7. hxg3 c5 8.
e4 cxd4 9. e5 Bc7 10. Bd3 Nc6 11. Qe2 Qe7 12. O-O-O Bd7 13. Nb3 Bb6 14. Rh4
O-O-O 15. Bb5 Kb8 16. Kb1 Rc8 17. Nfxd4 Nxd4 18. Nxd4 Bxd4 19. Rhxd4 Bxb5 20.
Qxb5 Rc5 1/2-1/2

[Event "Schachbundesliga 2013/2014"]
[Site "?"]
[Date "2014.04.04"]
[Round "13.7"]
[White "Mandel, Andreas"]
[Black "Farago, Ivan"]
[Result "1/2-1/2"]
[WhiteElo "2408"]
[BlackElo "2484"]
[PlyCount "58"]
[EventDate "2014.??.??"]
[WhiteClock "0:22:46"]
[BlackClock "0:27:21"]

1. d4 Nf6 2. Nf3 e6 3. c4 b6 4. g3 Ba6 5. Qa4 Bb7 6. Bg2 c5 7. dxc5 bxc5 8. O-O
Be7 9. Nc3 O-O 10. Rd1 Qb6 11. Bf4 Rd8 12. Rd2 Nc6 13. Qb5 d6 14. Rad1 Ne8 15.
Bg5 h6 16. Bxe7 Nxe7 17. e3 Qc7 18. Qa4 Bc6 19. Qc2 Qb7 20. Ne1 Rd7 21. Bxc6
Nxc6 22. Qe4 Rad8 23. Qf3 Nf6 24. Nd3 a6 25. b3 Qc7 26. Kg2 Ne7 27. Nf4 Nc6 28.
Nd3 Ne7 29. Nf4 Nc6 1/2-1/2

[Event "Schachbundesliga 2013/2014"]
[Site "?"]
[Date "2014.04.04"]
[Round "13.8"]
[White "Walter, Stefan"]
[Black "Mueller, Michael"]
[Result "1-0"]
[WhiteElo "2343"]
[BlackElo "2219"]
[PlyCount "151"]
[EventDate "2014.??.??"]
[WhiteClock "0:01:05"]
[BlackClock "0:03:02"]

1. d4 d5 2. c4 c6 3. e3 Nf6 4. Nf3 Bf5 5. Nc3 e6 6. Nh4 Bg6 7. Be2 Bd6 8. Qb3
b6 9. Nxg6 hxg6 10. g3 Qe7 11. Bd2 g5 12. O-O-O g4 13. Kb1 Nbd7 14. Qa4 b5 15.
cxb5 Nb6 16. Qc2 c5 17. dxc5 Bxc5 18. Rc1 Rc8 19. Qd1 d4 20. exd4 Bxd4 21. Bxg4
Bxf2 22. Bg5 Qb4 23. Bf3 Nc4 24. Qe2 Bd4 25. Bc6+ Kf8 26. Rhd1 Be5 27. Ka1 Bxc3
28. Rxc3 Nb6 29. Be3 Kg8 30. Rd4 Qf8 31. Ra3 Nfd5 32. Bg1 Qe7 33. Rd1 Qc7 34.
Qf1 Rh5 35. Rf3 Qe7 36. a3 Rc7 37. g4 Rh6 38. h3 Rf6 39. Rxf6 Nxf6 40. Bh2 Rc8
41. Bd6 Qd8 42. Bc5 Qc7 43. Qg1 Rd8 44. Rxd8+ Qxd8 45. Qd4 Nfd5 46. a4 Qh4 47.
Bxd5 Nxd5 48. Bxa7 Qxh3 49. Qc4 Qg3 50. b6 Qe3 51. Ka2 Kh7 52. Qb5 Qd2 53. Ka3
Qe3+ 54. Ka2 Qd2 55. Qc5 Qf4 56. Ka3 Qf3+ 57. b3 Qf6 58. Qc2+ g6 59. Qh2+ Kg8
60. Qb2 Qe7+ 61. b4 e5 62. Qb3 Qb7 63. Qd3 Qc6 64. a5 e4 65. Qb3 Nc3 66. Qc2 e3
67. b7 Nb5+ 68. Kb2 Qf6+ 69. Ka2 e2 70. b8=Q+ Kg7 71. Qe8 Nc3+ 72. Kb3 Nd5 73.
Qexe2 Qd6 74. Bd4+ f6 75. Bc5 Qg3+ 76. Qcd3 1-0

[Event "Schachbundesliga 2013/2014"]
[Site "?"]
[Date "2014.04.04"]
[Round "13.1"]
[White "Rabiega, Robert"]
[Black "Kraemer, Martin"]
[Result "1/2-1/2"]
[WhiteElo "2507"]
[BlackElo "2546"]
[PlyCount "48"]
[EventDate "2014.??.??"]
[WhiteClock "0:53:19"]
[BlackClock "0:45:12"]

1. e4 c5 2. c3 Nf6 3. e5 Nd5 4. d4 cxd4 5. Nf3 d6 6. Qxd4 e6 7. Bc4 Nc6 8. Qe4
Be7 9. exd6 Qxd6 10. O-O O-O 11. Rd1 Nf6 12. Qe2 Qc7 13. Bg5 h6 14. Bh4 e5 15.
Nbd2 Bg4 16. h3 Bh5 17. Bxf6 Bxf6 18. Ne4 Be7 19. Ng3 Bg6 20. Bd5 Bf6 21. Ne4
Be7 22. Ng3 Bf6 23. Ne4 Be7 24. Ng3 Bf6 1/2-1/2

[Event "Schachbundesliga 2013/2014"]
[Site "?"]
[Date "2014.04.04"]
[Round "13.2"]
[White "Mista, Aleksander"]
[Black "Stern, Rene"]
[Result "1-0"]
[WhiteElo "2584"]
[BlackElo "2513"]
[PlyCount "71"]
[EventDate "2014.??.??"]
[WhiteClock "0:03:54"]
[BlackClock "0:15:39"]

1. e4 e5 2. Nf3 Nc6 3. Bb5 a6 4. Ba4 Nf6 5. O-O Be7 6. d3 d6 7. c3 O-O 8. Nbd2
Bg4 9. h3 Bh5 10. Re1 Nd7 11. Nf1 Nc5 12. Bxc6 bxc6 13. Ng3 Bg6 14. d4 exd4 15.
cxd4 Nd7 16. Be3 d5 17. Bf4 Bb4 18. Bd2 Bd6 19. e5 Be7 20. Qa4 c5 21. Qc6 cxd4
22. Nxd4 Nc5 23. Ba5 Rc8 24. Rad1 Nd3 25. Re2 Nf4 26. Re3 Bg5 27. Rc3 Ne6 28.
Nxe6 fxe6 29. Qxe6+ Bf7 30. Qg4 Be7 31. Nf5 Bg6 32. Nd4 Qe8 33. Ne6 c6 34. Nxf8
Bh5 35. Qe6+ Bf7 36. Qd7 1-0

[Event "Schachbundesliga 2013/2014"]
[Site "?"]
[Date "2014.04.04"]
[Round "13.3"]
[White "Richter, Michael"]
[Black "Michalik, Peter"]
[Result "1/2-1/2"]
[WhiteElo "2473"]
[BlackElo "2584"]
[PlyCount "88"]
[EventDate "2014.??.??"]
[WhiteClock "1:05:43"]
[BlackClock "0:38:53"]

1. d4 Nf6 2. c4 e6 3. Nc3 Bb4 4. f3 d5 5. a3 Bxc3+ 6. bxc3 c5 7. cxd5 Nxd5 8.
dxc5 Qa5 9. e4 Nf6 10. Be3 O-O 11. Qb3 Nfd7 12. Bb5 Qc7 13. Ne2 Nxc5 14. Qc4 b6
15. Bxc5 bxc5 16. O-O a6 17. Ba4 Nd7 18. Bxd7 Bxd7 19. a4 e5 20. Ng3 Be6 21.
Qe2 g6 22. a5 Rfd8 23. Rfd1 Rxd1+ 24. Qxd1 Rd8 25. Qb1 Rb8 26. Qc1 Qd8 27. Nf1
Rb5 28. Qe1 Rxa5 29. Rd1 Qb6 30. Ne3 c4 31. Kh1 Ra2 32. h4 h5 33. Kh2 Kh7 34.
Nd5 Bxd5 35. exd5 Qd6 36. Qe4 Ra3 37. Qxc4 e4+ 38. Kh3 exf3 39. gxf3 Qf6 40.
Rd3 Qf5+ 41. Kg2 Qe5 42. d6 Qe2+ 43. Kg3 Qe1+ 44. Kh3 Qh1+ 1/2-1/2

[Event "Schachbundesliga 2013/2014"]
[Site "?"]
[Date "2014.04.04"]
[Round "13.4"]
[White "Schneider, Ilja"]
[Black "Muse, Mladen"]
[Result "1-0"]
[WhiteElo "2514"]
[BlackElo "2424"]
[PlyCount "81"]
[EventDate "2014.??.??"]
[WhiteClock "0:01:01"]
[BlackClock "0:08:56"]

1. d4 Nf6 2. Bg5 Ne4 3. Bf4 c5 4. f3 Qa5+ 5. c3 Nf6 6. Nd2 cxd4 7. Nb3 Qb6 8.
Qxd4 Nc6 9. Qxb6 axb6 10. Nd4 e5 11. Nxc6 exf4 12. Nd4 Bd6 13. e4 fxe3 14. Nf5
Bc5 15. Nxg7+ Kf8 16. Nf5 d5 17. Nd4 Bd7 18. Bd3 Bxd4 19. cxd4 Kg7 20. Ne2 b5
21. O-O b4 22. Rfe1 Ra7 23. Bc2 Rha8 24. Nc1 Bb5 25. Rxe3 Bc4 26. b3 Bb5 27.
Bd3 Bd7 28. Bf1 Bf5 29. g4 Bc2 30. Bd3 Rc8 31. Kf2 Rc3 32. Bf1 Rc8 33. Bd3 Rc3
34. Bxc2 Rxc2+ 35. Re2 Rc3 36. Rd2 h5 37. g5 Nh7 38. h4 f6 39. gxf6+ Kf7 40.
Nd3 Nxf6 41. Rg1 1-0

[Event "Schachbundesliga 2013/2014"]
[Site "?"]
[Date "2014.04.04"]
[Round "13.5"]
[White "Von Herman, Ulf"]
[Black "Maksimenko, Andrei"]
[Result "1/2-1/2"]
[WhiteElo "2391"]
[BlackElo "2543"]
[PlyCount "88"]
[EventDate "2014.??.??"]
[WhiteClock "0:43:16"]
[BlackClock "0:43:38"]

1. c4 e5 2. g3 Nc6 3. Nc3 Bc5 4. Bg2 Nf6 5. a3 a6 6. e3 d6 7. Nge2 O-O 8. O-O
Ba7 9. b4 Ne7 10. Bb2 c6 11. d4 Be6 12. Qd3 b5 13. cxb5 axb5 14. Rfd1 Bc4 15.
Qc2 Qc8 16. dxe5 dxe5 17. a4 bxa4 18. Rxa4 Qe6 19. Ra3 Bb6 20. Rda1 Rxa3 21.
Rxa3 Nfd5 22. Na4 Nxb4 23. Qc3 Bxe2 24. Nxb6 Rd8 25. h3 c5 26. Qxc5 Nd3 27. Qc7
Re8 28. Ra8 Rxa8 29. Bxa8 h5 30. Be4 f5 31. Bxd3 Bxd3 32. Qd8+ Kf7 33. Qxd3
Qxb6 34. Bxe5 Qe6 35. Bb2 Nd5 36. Qd4 Nf6 37. Qf4 Kg6 38. Bd4 Qc6 39. Kh2 Qc2
40. Kg1 Ne4 41. Kg2 Qc6 42. Qf3 Qe6 43. Kh2 Qa2 44. Kg2 Qe6 1/2-1/2

[Event "Schachbundesliga 2013/2014"]
[Site "?"]
[Date "2014.04.04"]
[Round "13.6"]
[White "Dann, Matthias"]
[Black "Muse, Drazen"]
[Result "1-0"]
[WhiteElo "2450"]
[BlackElo "2408"]
[PlyCount "137"]
[EventDate "2014.??.??"]
[WhiteClock "0:55:22"]
[BlackClock "0:11:23"]

1. e4 Nc6 2. Nf3 e5 3. Bb5 Nf6 4. d3 d6 5. c3 Be7 6. Nbd2 a6 7. Ba4 O-O 8. Nf1
b5 9. Bc2 Re8 10. Ng3 Bf8 11. O-O g6 12. Re1 Bg7 13. h3 Bb7 14. Nh2 Nb8 15. f4
c5 16. fxe5 Rxe5 17. Bf4 Re8 18. Qd2 Qb6 19. a4 Nbd7 20. a5 Qc7 21. d4 Rac8 22.
Bd3 Nf8 23. d5 h5 24. Nf3 N6d7 25. Rf1 Ne5 26. Nxe5 Bxe5 27. Bxe5 Rxe5 28. Rf4
Nd7 29. Nf1 Rce8 30. Ne3 c4 31. Bc2 Nc5 32. Qd4 f5 33. exf5 Rxe3 34. f6 Re1+
35. Kh2 Rxa1 36. f7+ Qxf7 37. Rxf7 Kxf7 38. Qf4+ Ke7 39. Bxg6 Rf8 40. Qg5+ Rf6
41. Bxh5 Raf1 42. Bf3 R1xf3 43. gxf3 Nd3 44. Qe3+ Kd7 45. Qe4 Ne5 46. f4 Ng6
47. Qd4 Rxf4 48. Qa7 Kc8 49. Qe3 Bxd5 50. Qe8+ Kc7 51. Qxg6 Rf2+ 52. Kg1 Rxb2
53. Qg7+ Kc6 54. Qa7 b4 55. Qxa6+ Kd7 56. Qa7+ Kc6 57. Qb6+ Kd7 58. Qd4 Ke6 59.
cxb4 Rxb4 60. a6 Ra4 61. a7 Ra3 62. Kf2 c3 63. Ke3 Ra1 64. h4 Re1+ 65. Kf2 c2
66. Qxd5+ Kxd5 67. a8=Q+ Kc4 68. Qa4+ Kd3 69. Qb3+ 1-0

[Event "Schachbundesliga 2013/2014"]
[Site "?"]
[Date "2014.04.04"]
[Round "13.7"]
[White "Fruebing, Stefan"]
[Black "Abel, Dennes"]
[Result "0-1"]
[WhiteElo "2372"]
[BlackElo "2427"]
[PlyCount "70"]
[EventDate "2014.??.??"]
[WhiteClock "0:12:16"]
[BlackClock "0:01:36"]

1. e4 c6 2. d4 d5 3. Nc3 a6 4. Nge2 dxe4 5. Nxe4 g6 6. Be3 Bg7 7. Qd2 Nd7 8. g3
Ndf6 9. Nxf6+ Nxf6 10. Bg2 Be6 11. O-O Bd5 12. f3 Be6 13. Rfe1 Nd5 14. Bh6 Bxh6
15. Qxh6 Qb6 16. b3 O-O-O 17. a3 Nc7 18. Qe3 Bf5 19. c4 e5 20. c5 Nd5 21. Qf2
Qxb3 22. dxe5 Qe3 23. f4 Qxf2+ 24. Kxf2 Nc7 25. Rac1 Rd2 26. Bf3 h5 27. Rc4
Rhd8 28. a4 Ne6 29. Kg1 R8d3 30. Bg2 Re3 31. Kf2 Rb3 32. Bf3 Bd3 33. Rcc1 Nd4
34. Ke3 Nxf3 35. Nc3 Rc2 0-1

[Event "Schachbundesliga 2013/2014"]
[Site "?"]
[Date "2014.04.04"]
[Round "13.8"]
[White "Agopov, Mikael"]
[Black "Giemsa, Stephan"]
[Result "1/2-1/2"]
[WhiteElo "2434"]
[BlackElo "2321"]
[PlyCount "70"]
[EventDate "2014.??.??"]
[WhiteClock "0:01:43"]
[BlackClock "0:01:20"]

1. e4 e6 2. d4 d5 3. Nd2 c5 4. exd5 Qxd5 5. Ngf3 cxd4 6. Bc4 Qd7 7. O-O Nf6 8.
Nb3 Nc6 9. Nbxd4 Bc5 10. Nxc6 Qxc6 11. Ne5 Qb6 12. Bg5 Nd7 13. Bf4 Nxe5 14.
Bxe5 f6 15. Bc3 O-O 16. Qh5 g6 17. Qh4 Kg7 18. Rad1 e5 19. Rd5 Re8 20. Rfd1 Bf5
21. Bd2 h5 22. b4 Be7 23. Bb3 Rad8 24. Rxd8 Rxd8 25. Qc4 Bxb4 26. Qf7+ Kh8 27.
h4 Rf8 28. Qd5 Bxd2 29. Rxd2 Qc7 30. g3 Kg7 31. Kh2 b6 32. Rd1 Kh6 33. Qd2+ Kg7
34. Qd5 Kh6 35. Qd2+ Kg7 1/2-1/2

[Event "Schachbundesliga 2013/2014"]
[Site "?"]
[Date "2014.04.05"]
[Round "14.2"]
[White "Bogner, Sebastian"]
[Black "Adams, Michael"]
[Result "1/2-1/2"]
[WhiteElo "2552"]
[BlackElo "2753"]
[PlyCount "62"]
[EventDate "2014.??.??"]
[WhiteClock "0:15:48"]
[BlackClock "0:03:58"]

1. d4 Nf6 2. c4 e6 3. Nc3 d5 4. Bg5 Be7 5. e3 h6 6. Bh4 O-O 7. cxd5 Nxd5 8.
Bxe7 Qxe7 9. Nxd5 exd5 10. Bd3 Re8 11. Ne2 Nd7 12. O-O Nf6 13. Qc2 c6 14. Rab1
a5 15. Nc3 Be6 16. a3 Nd7 17. Rfc1 Nb6 18. Ne2 Ra7 19. Nf4 a4 20. Qc3 Bd7 21.
Qb4 Nc8 22. Qxe7 Nxe7 23. Rc3 Bf5 24. h3 Kf8 25. g4 Bxd3 26. Nxd3 Nc8 27. b4
axb3 28. Rcxb3 Nd6 29. Nc5 b5 30. a4 bxa4 31. Ra3 Rea8 1/2-1/2

[Event "Schachbundesliga 2013/2014"]
[Site "?"]
[Date "2014.04.05"]
[Round "14.3"]
[White "Bacrot, Etienne"]
[Black "Balogh, Csaba"]
[Result "1-0"]
[WhiteElo "2730"]
[BlackElo "2632"]
[PlyCount "103"]
[EventDate "2014.??.??"]
[WhiteClock "0:53:25"]
[BlackClock "0:45:46"]

1. d4 d5 2. c4 c6 3. Nc3 Nf6 4. e3 a6 5. Nf3 Bf5 6. Ne5 Nbd7 7. Qb3 Qc7 8. cxd5
Nxe5 9. dxe5 Nxd5 10. Nxd5 cxd5 11. Bd2 e6 12. Rc1 Qd7 13. Be2 Be7 14. Ba5 Rc8
15. Rxc8+ Qxc8 16. Kd2 O-O 17. Rc1 Qa8 18. Qc3 h6 19. a3 Re8 20. g3 Bg6 21. h4
Kh8 22. h5 Be4 23. Bb6 Bd8 24. Bd4 Kg8 25. Qc5 Be7 26. Qc7 Bf8 27. f3 Bh7 28.
Bb6 f6 29. exf6 gxf6 30. Qf4 Kg7 31. Rc7+ Re7 32. Bc5 Rxc7 33. Qxc7+ Kh8 34.
Bxf8 Qxf8 35. Qxb7 Qc5 36. Qf7 Qc2+ 37. Ke1 Qc1+ 38. Kf2 Qxb2 39. Qf8+ Bg8 40.
Qxh6+ Bh7 41. Qf8+ Bg8 42. h6 f5 43. Qg7+ Qxg7 44. hxg7+ Kxg7 45. Bxa6 Kf6 46.
a4 Ke7 47. a5 Kd6 48. Bb5 Bf7 49. f4 Bh5 50. a6 Kc7 51. Bd7 Bf7 52. Ke1 1-0